| 000 | 00519nam a2200169Ia 4500 | ||
|---|---|---|---|
| 003 | Ost | ||
| 005 | 20260507075659.0 | ||
| 008 | 260507s9999||||xx |||||||||||||| ||und|| | ||
| 020 | _a3015282977 | ||
| 040 | _cfsecg | ||
| 041 | _aara | ||
| 100 |
_aويلسون، اوبرى _eمؤلف |
||
| 245 | 0 |
_aاتجاهات جديدة في التسويق / _c اوبرى ويلسون |
|
| 260 |
_aالقاهرة: _bالدار الدولية للنشر و التوزيع, _c1995 |
||
| 300 | _a228 صفحة؛ | ||
| 942 | _cكتاب | ||
| 999 |
_c45774 _d45774 |
||